=LDR 00000nam 2200000 4500 =001 INLIS000000000010754 =005 20130612102355 =008 ***********************************Ind, Spanyol** =035 ##$$0010-061300000010754 =041 ##$$a Ind, Spanyol =082 ##$$a 460 =090 ##$$a 460, Mah P =100 ##$$a Mahluddin T, Denny =245 ##$$a Percakapan dasar, Bahasa Spanyol, Denny Mahluddin T =260 ##$$a 1996 $b Jakarta =300 ##$$a X, 82 hlm, 18 cm =650 ##$$a Bahasa Spanyol =850 ##$$a NBPNMAT